000 00368nam a22001577a 4500
003 MPLRDC
005 20220104144159.0
008 210129b ||||| |||| 00| 0 eng d
082 _a803.9231 LYC
100 _a黎煜才编
245 _a良伴
_c
260 _a
_b尚艺出版有限公司
_c
300 _b
650 _a马来亚语
942 _cBK
_o803.9231 LYC
999 _c47147
_d47137